| 000 | 00389cam a2200145ua 4500 | ||
|---|---|---|---|
| 041 |
_amal _h |
||
| 082 |
_a894.8122 _bKRI/SW |
||
| 100 | _aKrishnan nair, Poojappura . | ||
| 245 |
_aSwadeshabimaniyude nadukadathal / _cPoojappura Krishnan nair. _hTextual Documents |
||
| 260 |
_aThrissur : _bCurrent Books , _c1961. |
||
| 300 | _a ; . | ||
| 504 | _a | ||
| 942 | _cBK | ||
| 999 |
_c12783 _d12783 |
||